| 000 | 00350nam a2200133Ia 4500 | ||
|---|---|---|---|
| 005 | 20260328104257.0 | ||
| 008 | 260328s9999||||xx |||||||||||||| ||und|| | ||
| 100 | _aLang, Jon | ||
| 245 | 0 |
_aUrban Design : _b a typology of procedures and products / _cJon Lang |
|
| 260 | _bArchitectural Press | ||
| 300 | _a421 p. | ||
| 650 | _aURBANISMO | ||
| 942 | _cBK | ||
| 999 |
_c10480 _d10480 |
||